Devine la ville grâce a des image: Facile - Statistiques

Statistiques générales
  • Ce quiz a été pris 91 fois
  • Le résultat moyen est 13 sur 16
Statistiques - réponses
Par images Réponse % Correct
Londres
100%
Paris
100%
Rome
98%
New york
96%
Rio de janeiro
96%
Moscou
89%
Dubai
85%
Sydney
85%
Pekin
82%
Tokyo
82%
Barcelone
75%
Berlin
71%
New delhi
68%
Los Angeles
52%
Toronto
44%
Le cap
32%
Aucun quiz correspondant
Distribution des résultats
% des personnes avec chaque résultat
Percentile par nombre de réponses
Votre historique - résultats
Vous n’avez pas pris ce quiz